Detalles MARC
| 000 -LIDER |
| fixed length control field |
01627nam a2200385 a 4500 |
| 003 - IDENTIFICACDOR DE NÚMERO DE CONTROL |
| control field |
DO-SdBNP |
| 005 - DATE AND TIME OF LATEST TRANSACTION |
| control field |
20210723130138.0 |
| 008 - ELEMENTOS DE LONGITUD FIJA |
| fixed length control field |
150602s2017 dr r 000 0 spa d |
| 020 ## - ISBN |
| International Standard Book Number |
9789945590593 |
| 040 ## - FUENTE DE CATALOGACIÓN |
| Agencia que crea de manera original el registro |
BPMSU |
| Idioma de catalogación |
spa |
| Agencia que realiza la transcripción |
BPMSU |
| 082 ## - NÚMERO DE CLASIFICACIÓN DECIMAL DE DEWEY |
| Classification number |
RD863.08 |
| Item number |
P925n |
| Edition number |
22 |
| 111 2# - ASIENTO PRINCIPAL--NOMBRE DE REUNIÓN O CONFERENCIA |
| Nombre de reunión o jurisdicción como elemento de entrada |
Premios FUNGLODE |
| Fecha de la reunión |
(2016 : |
| Lugar de la reunión |
Santo Domingo ) |
| 245 00 - MENCIÓN DE TITULO |
| Título |
Nueve voces contando hasta diez : |
| Subtítulo |
antología de cuentos premiados / |
| Mención de responsabilidad |
Johanna Díaz López...[et al.]. |
| 260 ## - PUBLICACIÓN, DISTRIBUCIÓN, ETC. (PIE DE IMPRENTA) |
| Lugar de publicación, distribución, etc |
Santo Domingo : |
| Nombre del editor, distribuidor, etc. |
FUNGLODE, |
| Fecha de publicación, distribución, etc |
2017. |
| 300 ## - DESCRIPCIÓN FÍSICA |
| Extensión |
133 p. ; |
| Dimensiones |
24 cm. |
| 490 0# - MENCIÓN DE SERIES |
| Mención de serie |
Premios |
| -- |
|
| 500 ## - NOTA GENERAL |
| Nota general |
10m. aniversario de premios FUNGLODE |
| 505 0# - NOTA DE CONTENIDO |
| Texto normalizado de contenido |
Preámbulo -- Johanna Díaz López / Silverio de tal -- Gerhard Viktor Schmidt Haberl / Menú para dos -- Juan Freddy Armando / La casa solariega -- Fanny Vargas Bautista / El intercambio -- Nan Chevalier / El muñeco de trapos -- Fernando Berroa / La verdadera muerte de Pedro Henríquez Ureña -- Félix Gerónimo / El calié -- Vladimir Tatis Pérez / Con la misma moneda -- Leo Silverio / El síndrome de Heinz. |
| 586 ## - AWARDS NOTE |
| Awards note |
Premios FUNGLODE/GFDD 2007-2016 |
| 590 ## - NOTA LOCAL |
| Texto de la nota local |
Inventariado, 2021/VM |
| 650 #4 - ENCABEZAMIENTO DE MATERIA--TEMÁTICO |
| Término temático o nombre geográfico como elemento de entrada |
Cuentos dominicanos |
| Subdivisión de forma |
Colecciones |
| 650 #4 - ENCABEZAMIENTO DE MATERIA--TEMÁTICO |
| Término temático o nombre geográfico como elemento de entrada |
Literatura dominicana |
| 650 #4 - ENCABEZAMIENTO DE MATERIA--TEMÁTICO |
| Término temático o nombre geográfico como elemento de entrada |
Certámenes literarios |
| 700 1# - ASIENTO SECUNDARIO -- NOMBRE PERSONAL |
| Nombre personal |
Díaz López, Johanna |
| 700 1# - ASIENTO SECUNDARIO -- NOMBRE PERSONAL |
| Nombre personal |
Schmidt Haberl, Gerhard Viktor |
| 700 1# - ASIENTO SECUNDARIO -- NOMBRE PERSONAL |
| Nombre personal |
Armando, Juan Freddy |
| 700 1# - ASIENTO SECUNDARIO -- NOMBRE PERSONAL |
| Nombre personal |
Vargas Bautista, Fanny |
| 700 1# - ASIENTO SECUNDARIO -- NOMBRE PERSONAL |
| Nombre personal |
Chevalier, Nan |
| 700 1# - ASIENTO SECUNDARIO -- NOMBRE PERSONAL |
| Nombre personal |
Berroa, Fernando |
| 700 1# - ASIENTO SECUNDARIO -- NOMBRE PERSONAL |
| Nombre personal |
Gerónimo, Félix |
| 700 1# - ASIENTO SECUNDARIO -- NOMBRE PERSONAL |
| Nombre personal |
Tatis Pérez, Vladimir |
| 700 1# - ASIENTO SECUNDARIO -- NOMBRE PERSONAL |
| Nombre personal |
Silverio, Leo |
| 910 ## - VALIDACIÓN |
| Validación |
VMateo V. |
| 942 ## - ADDED ENTRY ELEMENTS (KOHA) |
| Source of classification or shelving scheme |
Dewey Decimal Classification |
| Koha item type |
Libros |